Вопросы термо- и лазерной анемометрии: тематический сборник

Бібліографічні деталі
Співавтор: Академия наук СССР (АН СССР) Институт высоких температур (ИВТ)
Інші автори: Поляков А. Ф. (редактор)
Мова:Російська
Опубліковано: Москва, ИВТАН, 1985
Предмети:
Формат: MixedMaterials Книга
KOHA link:https://koha.lib.tpu.ru/cgi-bin/koha/opac-detail.pl?biblionumber=184423

MARC

LEADER 00000nam0a2200000 4500
001 184423
005 20231031172308.0
020 |a RU  |b 85-105386 
035 |a (RuTPU)RU\TPU\book\200005 
090 |a 184423 
100 |a 20100908d1985 k a0rusy5003 ca 
101 0 |a rus 
102 |a RU 
105 |a a z 001zy 
200 1 |a Вопросы термо- и лазерной анемометрии  |e тематический сборник  |f Академия наук СССР (АН СССР), Институт высоких температур (ИВТ) ; под ред. А. Ф. Полякова 
210 |a Москва  |c ИВТАН  |d 1985 
215 |a 138 с.  |c ил.  |d 20 см 
610 1 |a термоанемометры 
610 1 |a анемометры лазерные 
610 1 |a сборники 
610 1 |a измерения 
675 |a 533.6.08  |z rus 
702 1 |a Поляков  |b А. Ф.  |4 340 
712 0 2 |a Академия наук СССР (АН СССР)  |b Институт высоких температур (ИВТ)  |c (Москва)  |2 stltpush  |3 (RuTPU)RU\TPU\col\12055 
801 0 |a RU  |b RuMRKP  |c 19950704  |g psbo 
801 1 |a RU  |b 63413507  |c 20100908 
801 2 |a RU  |b 63413507  |c 20101101  |g RCR 
942 |c BK